000 00550nam a22002177a 4500
003 UA-OsUOA
001 37203
007 ta
008 20060227b un ||||| |||| 00| 0 ukr d
100 _aСизоненко О.
090 _a94(477)
_bС11
942 _cSA
040 _aUA-OsUOA
_bukr
_cUA-OsUOA
_dUA-OsUOA
245 _aЗ "розстріляних ілюзій"
300 _aС.10
955 _a0
041 _aukr
080 _a94(477)
773 0 _w37202
650 7 _a9 Географія. Біографії. Історія
_2UDC
999 _c323406
_d323406